| 000 | 00437ntaaa2200169 4500 | ||
|---|---|---|---|
| 003 | 01 | ||
| 005 | 20251027202457.0 | ||
| 008 | 0714s1973 ag 01 | ||
| 040 |
_aAR-BaBN _bspa _cAR-BaBN _eaacr _dRIC |
||
| 082 | _a220.2000 Sh4 | ||
| 100 |
_aShelby, Santiago O. _923717 |
||
| 245 | _aConcordancia de las Sagradas Escrituras | ||
| 250 | _a1 ed. | ||
| 260 |
_aMexico : _bCasa Unida de Publicaciones, _c1952 |
||
| 300 | _a325 p. | ||
| 942 | _cBK | ||
| 999 |
_c19806 _d19806 |
||